| 000 | 00674cab a2200241 4500 | ||
|---|---|---|---|
| 001 | WB3328-12 | ||
| 008 | 090401t1997 xxu||||| |||| 00| 0 eng d | ||
| 035 | _a(Sirsi) u79710 | ||
| 041 | _aeng | ||
| 245 | _aEffect of low inflation | ||
| 260 | _c1997 | ||
| 350 | _a0 | ||
| 490 |
_aProperty Week _v60(3) 18 July 1997, 7(1) |
||
| 520 | _aAccording to a report from Grimley, a low-inflation economy will force occupiers to play safe when making property decisions. | ||
| 650 | _aECONOMY | ||
| 650 | _aLOW INFLATION | ||
| 650 | _aOCCUPIERS | ||
| 650 | _aOFFICES | ||
| 650 | _aRENTS | ||
| 690 | _aPROPERTY-COMMERCIAL PROPERTY | ||
| 942 | _n0 | ||
| 948 | _c18/07/1997 | ||
| 999 |
_c50138 _d50138 |
||